[Event "Kimry Autumn op"]
[Site "Kimry"]
[Date "2013.08.29"]
[Round "3"]
[White "Kuryshkin, Anatoliy"]
[Black "Dementieva, Julia"]
[Result "0-1"]
[WhiteElo "2061"]
[BlackElo "1716"]
[PlyCount "100"]
[EventDate "2013.08.28"]
[EventType "swiss"]
[EventRounds "7"]
[EventCountry "RUS"]
[SourceTitle "CBM 156 Extra"]
[Source "ChessBase"]
[SourceDate "2013.10.22"]
[SourceVersion "1"]
[SourceVersionDate "2013.10.22"]
[SourceQuality "1"]

1. e4 c6 2. d4 d5 3. Nd2 dxe4 4. Nxe4 Bf5 5. Nc5 Qc7 6. g4 Bg6 7. f4 e6 8. Qe2 Bxc5 9. dxc5 Ne7 10. Nf3 h6 11. Ne5 Bh7 12. c3 Nd7 13. Nxd7 Qxd7 14. Be3 0-0-0 15. Bd4 f6 16. Bg2 Nd5 17. 0-0 Rhe8 18. Rad1 Qc7 19. Qf3 Rf8 20. f5 e5 21. Be3 Bg8 22. Bc1 Qa5 23. b4 Qxa2 24. h4 Qc4 25. Bd2 Nc7 26. Qe4 Nb5 27. Qxc4 Bxc4 28. Rf2 Nxc3 29. Rc1 Ne2+ 30. Kh2 Nxc1 31. Bxc1 Rd4 32. Kg3 Rfd8 33. g5 Rd3+ 34. Kg4 R8d4+ 35. Kh5 Bf7+ 36. g6 Bb3 37. Bxh6 gxh6 38. Kxh6 Rd7 39. Rf3 Rxf3 40. Bxf3 Bg8 41. g7 Kd8 42. Kg6 Ke7 43. b5 Rd3 44. bxc6 Rxf3 45. cxb7 Rg3+ 46. Kh6 Rb3 47. c6 Kd6 48. Kg6 Kxc6 49. Kxf6 Kd6 50. Kg6 Rxb7 0-1

[Event "Kimry Winter op"]
[Site "Kimry"]
[Date "2012.01.27"]
[Round "2"]
[White "Dementieva, Julia"]
[Black "Struzhkin, Denis"]
[Result "1/2-1/2"]
[WhiteElo "1665"]
[BlackElo "2070"]
[PlyCount "68"]
[EventDate "2012.01.27"]
[EventType "swiss"]
[EventRounds "8"]
[EventCountry "RUS"]
[SourceTitle "CBM 146 Extra"]
[Source "ChessBase"]
[SourceDate "2012.02.29"]
[SourceVersion "1"]
[SourceVersionDate "2012.02.29"]
[SourceQuality "1"]

1. e4 c5 2. Nf3 d6 3. d4 cxd4 4. Nxd4 Nf6 5. Nc3 g6 6. Be3 Bg7 7. f3 0-0 8. g4 Nc6 9. Qd2 Nxd4 10. Bxd4 e5 11. Be3 Be6 12. 0-0-0 Qa5 13. Kb1 Rfc8 14. h4 Rxc3 15. Qxc3 Qxa2+ 16. Kc1 Bxg4 17. fxg4 Qa1+ 18. Kd2 Nxe4+ 19. Ke1 Qxd1+ 20. Kxd1 Nxc3+ 21. bxc3 d5 22. Kd2 a5 23. Bb5 a4 24. Ra1 a3 25. Bc5 h5 26. Rxa3 Rxa3 27. Bxa3 hxg4 28. Bc5 f5 29. Bd7 Kf7 30. Ke2 g3 31. Kf1 Bf6 32. Kg2 Bxh4 33. Kh3 g2 34. Kxg2 Be1 1/2-1/2

[Event "Kimry 56 Rtng winter"]
[Site "Kimry"]
[Date "2011.01.24"]
[Round "7.9"]
[White "Sadovaya, Anastasia"]
[Black "Dementieva, Julia"]
[Result "0-1"]
[WhiteElo "1418"]
[BlackElo "1611"]
[PlyCount "72"]
[EventDate "2011.01.21"]
[EventType "swiss"]
[EventRounds "8"]
[EventCountry "RUS"]
[SourceTitle "EXT 2022"]
[Source "ChessBase"]
[SourceDate "2021.10.06"]
[SourceVersion "1"]
[SourceVersionDate "2021.10.06"]
[SourceQuality "1"]

1. e4 c5 2. Nf3 e6 3. d4 cxd4 4. Nxd4 Nf6 5. Nc3 d6 6. f3 a6 7. Be3 b5 8. Bd3 Bb7 9. Qd2 Be7 10. 0-0-0 Nbd7 11. g4 Nb6 12. Qf2 Nfd7 13. h4 Qc7 14. h5 Nc4 15. h6 g6 16. f4 Nc5 17. Ncxb5 axb5 18. Nxb5 Qc6 19. Bxc4 Nxe4 20. Qg1 Qxc4 21. Bd4 Rg8 22. Qf1 Qxf1 23. Rdxf1 Ng3 24. Nc7+ Kd7 25. Nxa8 Rxa8 26. Rhg1 Nxf1 27. Rxf1 Rxa2 28. Kb1 Ra4 29. Bc3 Ba6 30. Rf2 d5 31. b3 Re4 32. Bb2 Bc5 33. Rf3 Be2 34. Rc3 Bd4 35. Rg3 Rxf4 36. Bxd4 Rxd4 0-1

[Event "Kimry op Jan"]
[Site "Kimry"]
[Date "2011.01.05"]
[Round "7"]
[White "Kudrin, Vladimir1111"]
[Black "Dementieva, Julia"]
[Result "0-1"]
[WhiteElo "1970"]
[BlackElo "1611"]
[PlyCount "112"]
[EventDate "2011.01.02"]
[EventType "swiss"]
[EventRounds "9"]
[EventCountry "RUS"]
[SourceTitle "CBM 140 Extra"]
[Source "ChessBase"]
[SourceDate "2011.03.01"]
[SourceVersion "1"]
[SourceVersionDate "2011.03.01"]
[SourceQuality "1"]

1. Nf3 Nf6 2. b4 e6 3. a3 d5 4. e3 c5 5. bxc5 Bxc5 6. d4 Bd6 7. c4 b6 8. Nc3 Bb7 9. Bb2 0-0 10. cxd5 Nxd5 11. Nb5 Be7 12. e4 Nf6 13. e5 Nd5 14. Nc3 Nc6 15. Bb5 Rc8 16. Ne2 a6 17. Bd3 Qd7 18. h4 Rfd8 19. Bb1 Bf8 20. h5 Nce7 21. Qd3 g6 22. hxg6 hxg6 23. Ng5 Bg7 24. Qh3 Kf8 25. g4 Qb5 26. Ra2 Qxe2+ 27. Kxe2 Nf4+ 28. Ke3 Nxh3 29. Rxh3 Nd5+ 30. Kd2 Nf4 31. Re3 Ng2 32. Rd3 Bh6 33. Kd1 Bxg5 34. Rh3 Nf4 35. Rb3 Bd5 36. Rxb6 Bxa2 37. Bxa2 Rb8 38. Rxb8 Rxb8 39. Kc2 Nd5 40. Bc4 a5 41. Bf1 Ke7 42. a4 Nb4+ 43. Kb1 Kd8 44. Bb5 Nd5 45. Ka2 Bd2 46. Kb3 Be1 47. f3 Nc7 48. Kc4 Nxb5 49. axb5 Kc7 50. Ba3 Kb6 51. Bc5+ Kb7 52. Kb3 Rh8 53. Kc4 Rh3 54. d5 exd5+ 55. Kxd5 Rxf3 56. e6 fxe6+ 0-1

[Event "Kimry Autumn"]
[Site "Kimry"]
[Date "2010.08.30"]
[Round "3"]
[White "Chernyaev, Vladimir"]
[Black "Dementieva, Julia"]
[Result "1/2-1/2"]
[WhiteElo "1769"]
[BlackElo "1597"]
[PlyCount "117"]
[EventDate "2010.08.29"]
[EventType "swiss"]
[EventRounds "7"]
[EventCountry "RUS"]
[SourceTitle "EXT 2022"]
[Source "ChessBase"]
[SourceDate "2021.10.06"]
[SourceVersion "1"]
[SourceVersionDate "2021.10.06"]
[SourceQuality "1"]

1. e4 e5 2. Nf3 Nc6 3. Bb5 a6 4. Ba4 d6 5. d4 b5 6. Bb3 Nxd4 7. Nxd4 exd4 8. Qxd4 c5 9. Qd5 Be6 10. Qc6+ Bd7 11. Bxf7+ Kxf7 12. Qd5+ Be6 13. Qb7+ Be7 14. Bg5 Rb8 15. Bxe7 Nxe7 16. Qxa6 Ra8 17. Qxb5 Qa5+ 18. Qxa5 Rxa5 19. Nc3 Nc6 20. Kd2 Nd4 21. a3 Rf8 22. Rhb1 Ke7 23. f3 Raa8 24. b4 Rab8 25. bxc5 dxc5 26. a4 Kd6 27. Nb5+ Nxb5 28. axb5 Ra8 29. Ra6+ Rxa6 30. bxa6 Ra8 31. Rb6+ Ke7 32. Ke3 Bc8 33. Rc6 Bxa6 34. Rxc5 Rc8 35. Rxc8 Bxc8 36. Kd4 Be6 37. g3 Kd6 38. f4 g6 39. c4 Bg4 40. c5+ Kc6 41. Ke5 Kxc5 42. Kf6 Kd6 43. e5+ Kd7 44. Kg7 Ke7 45. Kxh7 Kf7 46. Kh6 Bf5 47. Kg5 Be6 48. h4 Bd7 49. h5 gxh5 50. Kxh5 Bf5 51. Kg5 Ke6 52. g4 Be4 53. Kh6 Bd3 54. Kg7 Be4 55. g5 Kf5 56. Kf7 Kxf4 57. Kf6 Bf5 58. g6 Bxg6 59. Kxg6 1/2-1/2